|
|
|
|
| LEADER |
00000nab#a22000007a#4500 |
| 001 |
arbauad029383 |
| 003 |
AR-BaUAD |
| 005 |
20250711112359.0 |
| 008 |
971128|||||||||###||||||b###|0###a|spa|| |
| 040 |
|
|
|a AR-BaUAD
|c AR-BaUAD
|b spa
|
| 100 |
|
|
|a Vergine, Lea
|
| 245 |
|
|
|a TrashUna discarica sublime :
|b quando i rifiuti diventano arte /
|c Lea Vergine;
|
| 300 |
0 |
|
|b fot.
|
| 653 |
|
|
|a ITALIA
|
| 653 |
|
|
|a TRENTO
|
| 653 |
|
|
|a EXPOSICIONES
|
| 653 |
|
|
|a ARCHIVIO DEL 900
|
| 653 |
|
|
|a CATALOGOS
|
| 653 |
|
|
|a ESCULTURAS
|
| 653 |
|
|
|a FOTOGRAFIA
|
| 653 |
|
|
|a PINTURA
|
| 653 |
|
|
|a ARTE
|
| 773 |
0 |
|
|t OTTAGONO
|g no. 124 [set.-nov. 1997], p. 81-96
|
| 942 |
|
|
|c ARTI
|
| 952 |
|
|
|0 0
|1 0
|4 0
|7 0
|9 74302
|a AR-BAuAD
|b AR-BAuAD
|d 2025-07-11
|l 0
|p AAQA029383
|r 2025-07-11 11:23:59
|w 2025-07-11
|y ARTI
|
| 990 |
|
|
|a A199
|b TD
|
| 998 |
|
|
|a AAQ
|b BIBUN76
|
| 999 |
|
|
|c 53975
|d 53975
|